000 00744naa a22002297a 4500
001 vtls000027297
003 ES-BaIT
005 20241115175340.0
007 t|
008 111114s1997 spc|||||| |00| |cat|d
010 _a27297
035 _a0027-29760
039 9 _a201403072315
_bVLOAD
_c201303092011
_dVLOAD
_c201111141538
_dVLOAD
100 1 _aRuiz Ayala, Àngel
_943949
245 1 0 _aNo tan diferents /
_cÀngel Ruiz Ayala
500 _aMonòleg en un acte. Drama
500 _aP1: D1 i altres
773 0 _aTilve, Eduard.
_dBarcelona : AADPC, 1997
_wvtls000027292
_z84-89826-05-6
_023675
_tCrec que tinc un dubte / Eduard Tilve. No tan diferents / Àngel Ruiz Ayala
790 _w0027-29260
790 _a002729260
942 _cART
_2udc
999 _c23680
_d23680